000 01693nam a2200397 a 4500
001 ebr10540413
003 CaPaEBR
006 m u
007 cr cn|||||||||
008 111107s2012 ne sb 001 0 eng d
010 _z 2011045662
020 _z9789027203540 (alk. paper)
020 _z9789027274991 (e-book)
040 _aCaPaEBR
_cCaPaEBR
035 _a(OCoLC)787847218
043 _ae-no---
050 1 4 _aPD2914
_b.E97 2012eb
082 0 4 _a439.8/20188
_223
245 0 0 _aExploring newspaper language
_h[electronic resource] :
_busing the web to create and investigate a large corpus of modern Norwegian /
_cedited by Gisle Andersen.
260 _aAmsterdam ;
_aPhiladelphia :
_bJohn Benjamins Pub. Co.,
_c2012.
300 _avi, 356 p.
490 1 _aStudies in corpus linguistics,
_x1388-0373 ;
_vv. 49
504 _aIncludes bibliographical references and indexes.
505 0 _apt. 1. Exploiting the web as a corpus : methods and tools -- pt. 2. Corpus-based case studies.
533 _aElectronic reproduction.
_bPalo Alto, Calif. :
_cebrary,
_d2013.
_nAvailable via World Wide Web.
_nAccess may be limited to ebrary affiliated libraries.
650 0 _aNorwegian language (Nynorsk)
_xUsage.
650 0 _aNorwegian language (Nynorsk)
_xSyntax.
650 0 _aNorwegian newspapers.
650 0 _aMass media
_zNorway.
650 0 _aInformation technology
_zNorway.
655 7 _aElectronic books.
_2local
700 1 _aAndersen, Gisle.
710 2 _aebrary, Inc.
830 0 _aStudies in corpus linguistics ;
_vv. 49.
856 4 0 _uhttp://site.ebrary.com/lib/rucke/Doc?id=10540413
_zAn electronic book accessible through the World Wide Web; click to view
999 _c135256
_d135256